LEGO Friends Characters by Picture - Statistics

General Stats
  • This quiz has been taken 27 times
  • The average score is 6 of 8
Answer Stats
Picture Answer % Correct
Autumn
89%
Leo
89%
Nova
89%
Olly
84%
Paisley
79%
Aliya
68%
Liann
68%
Zac
68%
No matching quizzes found
Score Distribution
Percent of People with Each Score
Percentile by Number Answered
Your Score History
You have not taken this quiz